Random Cities on South America Map - Statistics

General Stats
  • This quiz has been taken 152 times
  • The average score is 6 of 10
Answers on the Map
Answers color-coded by a green-red scale on the quiz's map according to % correct below.
 
Answer Stats
South American City % Correct
Asunción
100%
Bogota
100%
Buenos Aires
100%
Caracas
100%
Cusco
100%
Georgetown
100%
Goiânia
100%
La Paz
100%
Lima
100%
Manaus
100%
Montevideo
100%
Porto Alegre
100%
Port of Spain
100%
Quito
100%
Rio de Janeiro
100%
Santiago
100%
São Paulo
100%
Sucre
100%
Medellín
89%
Santa Cruz de la Sierra
89%
Paramaribo
86%
Rosario
86%
Cartagena
83%
Cayenne
80%
Belém
78%
Fortaleza
78%
Antofagasta
67%
Brasilia
67%
Concepción
67%
Guayaquil
67%
Palmas
67%
Valparaíso
67%
Barranquilla
63%
Cali
60%
Maracaibo
60%
Recife
60%
Arequipa
50%
Belo Horizonte
50%
Campinas
50%
Cordoba
50%
Curitiba
50%
João Pessoa
50%
Mendoza
50%
Natal
50%
Oranjestad
50%
Salvador
50%
Teresina
50%
Ushuaia
50%
Campo Grande
40%
Ciudad del Este
33%
Macapá
33%
Vitoria
33%
San Miguel de Tucumán
29%
Cuiaba
25%
Maceió
25%
Maracay
25%
Porto Velho
25%
São Luís
25%
Stanley
25%
Willemstad
25%
Cochabamba
20%
Valencia
20%
Comodoro Rivadavia
17%
Aracaju
14%
Rio Branco
10%
Barquisimeto
0%
Boa Vista
0%
Bucaramanga
0%
Florianópolis
0%
Kralendijk
0%
Santos
0%
Trujillo
0%
No matching quizzes found
Score Distribution
Percent of People with Each Score
Percentile by Number Answered
Your Score History
You have not taken this quiz